| 000 | 01616nam a2200337 c 4500 | ||
|---|---|---|---|
| 999 |
_c130435 _d130435 |
||
| 003 | BLK | ||
| 005 | 20240925134055.0 | ||
| 008 | 180409b bul|||||r ||||||| ||bul|| | ||
| 010 | _aKNG00136200000 | ||
| 040 | _aBLK | ||
| 041 |
_aBUL _cBUL |
||
| 080 |
_aБългарска литература _b821.163.2 _x-93-31 _z821.163.2-93-31 |
||
| 100 | 1 |
_aЙомтов, Мориц Алберт _d1921 - 1992 _eпърви автор _973554 |
|
| 139 |
_aБратя Мормареви _bБ 78 |
||
| 245 | 1 | 0 |
_aВойната на таралежите _bРоман за деца _cМориц Албертов Йомтов; съавт. Марко Кънчев Стойчев; * Братя Мормареви. |
| 257 | _aBGR | ||
| 260 |
_aСофия _bОтечество _c1979 _fПловдив : Д. Благоев |
||
| 300 |
_a215 с. _bс ил. _c20 см |
||
| 380 | _aDX | ||
| 500 | _aБратя Мормареви - общ псевд. на Мориц Йомтов и Марко Стойчев. - 35 115 тир. | ||
| 700 |
_aСтойчев, Марко Кънчев _d1931 - 2006 _9248879 |
||
| 700 |
_aБратя Мормареви _qКолективен псевдоним на Йомтов, Мориц Алберт и Стойчев, Марко Кънчев _9366802 |
||
| 852 | _aЦб 98728 | ||
| 856 | 4 |
_qpdf _i0.00 _ldisable |
|
| 856 | 4 |
_qpdf _i0.00 _ldisable |
|
| 942 |
_cKNG _n0 _07 _s1 |
||
| 944 |
_aCR _c14.11.2012 _lГеновева Генчева _k30560 |
||
| 944 |
_aED _c14.11.2012 _l14.11.2012 - от С1,Р / 14.11.2012 |
||
| 944 |
_aED _c2022-11-29 _kХристина Везирева |
||
| 999 | _d130435 | ||